000
00285nam a22001217a 4500
008
181107b xxu||||| |||| 00| 0 eng d
041
_a
eng
080
_a
101
100
_a
24
101
_a
FIL
245
_a
The Range of Philosophy Introductory Readings
_c
Titus,H.H
942
_2
udc
_c
BK
999
_c
52068
_d
52068